[Event "SK Bruckmuehl 1-SV Deggendorf 2"]
[Site "?"]
[Date "2025.01.12"]
[Round "5.7"]
[White "Bacholke, Michael"]
[Black "Stoffel, Matthias"]
[Result "0-1"]
[WhiteElo "1870"]
[BlackElo "1982"]
[Annotator "Stockfish 17"]
[PlyCount "122"]
[EventDate "2025.??.??"]
[WhiteTeam "SV Deggendorf 2"]
[BlackTeam "SK Bruckmühl 1"]

{[%evp 9,122,-24,-5,-1,22,21,33,7,32,4,39,-30,59,60,68,69,71,74,86,94,78,28,45,
39,129,117,142,2,-24,-180,-164,-375,-380,-367,-53,-58,-60,-51,-49,-46,-50,-68,
-51,-66,-47,-110,-103,-117,-111,-107,-100,-122,-46,-57,-42,-49,-34,-57,-47,-48,
-82,-151,-113,-164,-174,-240,-244,-265,-260,-330,-334,-326,-325,-320,-282,-360,
-350,-487,-481,-494,-496,-485,-495,-480,-487,-469,-455,-463,-462,-495,-488,
-478,-453,-592,-587,-580,-431,-568,-458,-592,-577,-595,-589,-621,-613,-590,
-595,-587,-590,-603,-542,-630,-609,-569,-523]} 1. e4 c5 2. d3 Nc6 3. f4 g6 4.
Nf3 Bg7 5. c3 d5 6. Be2 (6. e5 f6 7. exf6 Nxf6 8. g3 O-O 9. Bg2 Qd6 10. O-O b6
11. Re1 Bb7 12. Bh3 {Reefschlager,H-Thesing,M 1/2, GER 1990}) 6... Nf6 7. e5
Ng4 8. h3 Nh6 9. O-O O-O 10. Na3 (10. d4 $14) 10... Nf5 11. Qe1 $14 f6 {
[%cal Rf6e5]} 12. g4 Nh6 {[#]} 13. d4 $1 cxd4 14. cxd4 Qb6 {Droht stark ...
fxe5.} 15. Nc2 (15. Be3 Qxb2 $2 16. Nb5 Nf7 17. Nc7 Rb8 18. Nxd5 {+2.00}) 15...
fxe5 $1 16. fxe5 Nxg4 $2 (16... Nf5 $14 17. gxf5 Bxf5 $14) 17. hxg4 $16 Bxg4
18. Kg2 (18. Be3 $1 $16 Qxb2 19. Qd2 Qb6 20. Rab1 {+1.90}) 18... Bf5 $11 19.
Ne3 $2 (19. Qd1 $1 $11 {und Weiss steht sicher.}) 19... Be4 $19 20. Qc3 (20.
Kg1) 20... Nxd4 $19 21. Nxd5 Nxe2 $2 (21... Bxd5 $19 22. Bc4 Bxc4 23. Qxc4+ Ne6
) 22. Nxb6 $15 Nxc3 23. Nxa8 Nd5 24. Bd2 Rxa8 25. Rae1 Bd3 26. Rf2 Rd8 27. Ng5
(27. Kg3 $15) (27. b3 Bf5 $15) 27... Bf5 $17 28. Nf3 h6 29. Nd4 Bg4 (29... Bd7
$1) 30. Re4 h5 (30... Bd7 $17) 31. Bg5 Rd7 32. a3 a6 33. Re1 Nb6 $13 {Partie
ist in etwa in der Waage} 34. Nb3 Nc4 35. Nc5 $6 (35. e6 $142 Rc7 36. Rf7)
35... Rc7 36. Nd3 Bf5 37. Nb4 $19 {[#]} (37. b3 $142 Bxd3 38. bxc4) 37... e6 $1
$19 ({Schwächer ist} 37... Nxe5 38. Nd5 $15) 38. Bf4 Rd7 39. Kg3 a5 40. Na2
Rd3+ 41. Kg2 h4 42. Nc3 g5 43. Bc1 Nxe5 {Schwarz steht klar auf Gewinn.} 44.
Ne4 h3+ 45. Kg1 Nf3+ 46. Rxf3 Rxf3 47. Nxg5 Bd4+ 48. Kh1 Rf2 49. Be3 Bxe3 50.
Rxe3 Rxb2 51. Nxe6 Bxe6 52. Rxe6 {[%mdl 4096] Endspiel KT-KT} Rb3 53. Re7 b5 {
[%cal Bb7b5,Bb5a4,Ba4a3][%mdl 32]} 54. Rb7 Kf8 55. Kh2 Ke8 56. a4 bxa4 57. Ra7
a3 58. Rxa5 Kd7 59. Ra6 Kc7 60. Ra7+ Kb6 61. Ra8 {beabsichtigt Tb8+.} Kc5 0-1

[Event "SK Bruckmuehl 1-SV Deggendorf 2"]
[Site "?"]
[Date "2025.01.12"]
[Round "5.8"]
[White "Jaworek, Thomas"]
[Black "Gahr, Michael"]
[Result "1/2-1/2"]
[WhiteElo "1984"]
[BlackElo "1870"]
[Annotator "Stockfish 17"]
[PlyCount "94"]
[EventDate "2025.??.??"]
[WhiteTeam "SK Bruckmühl 1"]
[BlackTeam "SV Deggendorf 2"]

{[%evp 17,94,25,58,69,118,114,116,95,122,130,125,47,47,44,56,47,108,108,93,59,
54,68,57,60,81,78,77,16,14,20,14,18,22,6,7,6,54,-53,-62,-83,-82,-159,5,5,6,5,4,
4,5,5,4,0,5,0,8,0,2,0,0,0,0,0,0,0,0,0,0,0,0,0,0,0,0,0,0,0,0,0,0]} 1. e4 e6 2.
d4 d5 3. e5 c5 4. c3 Nc6 5. Nf3 Qb6 6. a3 Bd7 (6... c4 7. Nbd2 Na5 8. Be2 Bd7
9. O-O {ist eine bekannte Variante}) 7. b4 cxd4 8. cxd4 Rc8 {ist auch gut
bekannt} 9. Bb2 Nh6 10. Nc3 Nf5 $6 {[%cal Rf5d4]} (10... Na5 11. Na4 Qc6 12.
Nc5 Nc4 13. Bxc4 dxc4 14. O-O {Korchnoi,V-Iruzubieta,J M Oviedo rapid 1992})
11. Na4 $16 Qd8 12. Nc5 Bxc5 13. dxc5 Nh4 14. g3 (14. Nxh4 $142 $16 {Sf3 ist
eine echte Drohung.} Qxh4 15. Bd3) 14... Nxf3+ $14 15. Qxf3 Ne7 16. Bd3 b6 17.
cxb6 $16 Qxb6 18. O-O Bb5 {[#]} 19. Bd4 $1 Qxd4 20. Bxb5+ Nc6 21. Rac1 Qb6 22.
Rxc6 ({Lieber} 22. Rc5 $16 {Droht Tfc1 und aus.} O-O 23. Qc3) 22... Rxc6 $11
23. Bxc6+ Qxc6 {[%mdl 4096] Endspiel KDT-KDT} 24. Qe3 {zielt auf Tc1 ab.} Qb6
25. Qc3 {Schwarz sollte Dc8+ verhindern.} O-O 26. Rc1 f6 27. Qc6 $6 (27. exf6
$14 gxf6 28. Qc6) 27... fxe5 $15 28. Qxb6 axb6 $17 {KT-KT} 29. Rc6 {[#]} (29.
Rc7 $142) 29... Ra8 $2 (29... Kf7 $1 $17 {Droht stark ...Ta8.} 30. Rxb6 Ra8)
30. Rxe6 $11 Rxa3 31. Rxe5 Rb3 32. Rxd5 {Schwarz muss nun Tb5 beachten.} Rxb4
33. Rd7 Rb2 34. h4 h6 35. Kg2 Rb3 36. Rb7 h5 37. Kg1 Kh7 38. Kg2 Kg6 39. Kg1
Kf6 40. Kg2 g6 41. Rb8 Ke7 42. Rg8 Kf6 43. Rf8+ Kg7 44. Rb8 Kf7 45. Rb7+ Kf6
46. Rb8 Rb2 47. Rb7 Ke5 1/2-1/2

[Event "SK Neuburg 1-SV Roehrnbach 1"]
[Site "?"]
[Date "2025.01.12"]
[Round "5.1"]
[White "Fuchs, Florian"]
[Black "Sailer, Wolfgang"]
[Result "0-1"]
[WhiteElo "2121"]
[BlackElo "2079"]
[Annotator "Stockfish 17"]
[PlyCount "80"]
[EventDate "2025.??.??"]
[WhiteTeam "SV Röhrnbach 1"]
[BlackTeam "SK Neuburg 1"]

{[%evp 21,80,62,68,15,18,18,19,17,21,16,27,27,32,-20,0,-415,-420,-394,-408,
-477,-484,-484,-481,-481,-452,-486,-430,-490,-492,-504,-501,-489,-483,-480,
-479,-475,-481,-505,-464,-501,-430,-575,-566,-556,-553,-548,-557,-562,-562,
-639,-638,-702,-691,-742,-722,-772,-764,-806,-791,-990,-987]} 1. e4 g6 2. d4
Bg7 3. Nc3 c6 4. f4 d5 5. e5 h5 6. Nf3 Bg4 7. h3 Bxf3 8. Qxf3 e6 9. Be3 Nh6 (
9... h4 10. Bd3 Nd7 11. O-O Ne7 12. Ne2 b5 13. a4 $16 a6 {Sveshnikov,E-Basagic,
Z Bled op 1999}) 10. Bd3 (10. g3 $1 Nf5 11. Bf2 Nd7 12. O-O-O Bf8 13. Bd3 $16 {
De Firmian,N-McCarthy,B New York op 1991}) 10... Nf5 11. Bf2 h4 12. O-O-O Nd7
13. Rdg1 Bf8 14. Bxf5 gxf5 15. g4 {Weiss will gxf5 spielen.} hxg3 $1 16. Rxg3
Qa5 17. Qg2 O-O-O {[%cal Ba8d8,Bd8g8,Bg8g4][%mdl 32]} 18. Rg8 $4 {[%mdl 8192]
dieser Fehler wird hart widerlegt [#]} (18. Kb1 $11) 18... Rxg8 $1 $19 19. Qxg8
{[#]} Qxc3 $3 {[%mdl 576] Ablenkung} 20. bxc3 (20. Qg2 Ba3) 20... Ba3+ {
[%mdl 64] Abzugsangriff. Schwarz steht klar auf Gewinn.} 21. Kd2 Rxg8 22. h4
Bf8 23. Ke2 Bh6 24. Kf3 Rg4 25. Bg3 Nb6 26. h5 Na4 27. Rh4 Rg8 28. Be1 Kd7 29.
Rh2 Rg1 30. Bd2 Ke8 31. Rg2 Rxg2 32. Kxg2 Kf8 33. Kf3 Kg8 34. Be1 Bf8 35. c4
dxc4 36. Bh4 Nc3 37. Bd8 Nxa2 38. Kg3 Nc3 39. Kh4 Ne4 40. c3 Nxc3 0-1

[Event "SK Neuburg 1-SV Roehrnbach 1"]
[Site "?"]
[Date "2025.01.12"]
[Round "5.2"]
[White "Wurzel, Andre"]
[Black "Knechtel, Roland"]
[Result "1/2-1/2"]
[WhiteElo "2112"]
[BlackElo "2146"]
[Annotator "Stockfish 17"]
[PlyCount "33"]
[EventDate "2025.??.??"]
[WhiteTeam "SK Neuburg 1"]
[BlackTeam "SV Röhrnbach 1"]

{[%evp 22,33,23,21,28,32,32,7,4,1,-1,-7,-12,-10]} 1. d4 Nf6 2. c4 e6 3. Nc3 d5
4. Bg5 Nbd7 5. e3 (5. cxd5 exd5 6. Nxd5 $4 Nxd5 $19 7. Bxd8 Bb4+ {ist durchaus
schon vorgekommen}) 5... c6 6. Nf3 Qa5 7. Nd2 dxc4 8. Bxf6 Nxf6 9. Nxc4 Qd8 10.
Be2 Be7 11. O-O O-O 12. Rc1 c5 13. dxc5 Bxc5 14. Qxd8 Rxd8 $11 15. Rfd1 Bd7 16.
Bf3 Rab8 17. Na5 1/2-1/2

[Event "SK Neuburg 1-SV Roehrnbach 1"]
[Site "?"]
[Date "2025.01.12"]
[Round "5.4"]
[White "Ebenhoech, Daniel"]
[Black "Engelbrecht, Alfred"]
[Result "1/2-1/2"]
[WhiteElo "1978"]
[BlackElo "2122"]
[Annotator "Stockfish 17"]
[PlyCount "58"]
[EventDate "2025.??.??"]
[WhiteTeam "SK Neuburg 1"]
[BlackTeam "SV Röhrnbach 1"]

{[%evp 9,58,0,5,0,9,12,23,15,23,10,14,-26,-28,-20,-19,-113,-29,-197,-109,-125,
-124,-168,-160,-179,-174,-214,-172,-304,-104,-190,-151,-208,-152,-194,-159,
-165,-176,-174,-165,-161,-157,-205,-86,-99,-75,-195,-188,-192,-142,-143,23]} 1.
Nf3 d5 2. c4 c6 3. e3 Nf6 4. b3 Bg4 5. Bb2 e6 6. h3 Bxf3 7. Qxf3 h5 8. Nc3 Nbd7
9. cxd5 exd5 10. Be2 Bd6 11. d4 Qe7 12. O-O $6 {[#]} (12. Bd3 $11) 12... Ne4 (
12... O-O-O $1 $17) 13. Rfd1 $2 {[#]} (13. Nxe4 $11 {und Weiss muss sich keine
Sorgen machen.} dxe4 14. Qf5) 13... Ng5 (13... g6 $142 $1 $19 {Droht ...Sg5
und aus.} 14. g3 f5) 14. Qf5 $17 g6 $36 {[%mdl 2048] Läuft bei Schwarz.} 15.
Qd3 f5 16. Bf1 Ne4 17. Ne2 O-O-O (17... Qh4 $1 18. g3 Qe7 $19) 18. a3 (18. b4
$142) 18... Nb6 $2 (18... g5 $19 {Und weiter mit ...g4 wäre nett.} 19. f3 Nef6
) 19. a4 $6 (19. f3 $17 {war einen Versuch wert.} Nf6 20. Nf4) 19... a6 (19...
Qc7 $142) 20. Rdc1 Kb8 21. Bc3 Nxc3 22. Nxc3 g5 23. b4 ({Natürlich nicht} 23.
Qxf5 g4 $15) 23... Bxb4 24. Qxf5 Rhf8 25. Qc2 Ba5 $6 (25... g4 $19 {bietet
bessere Gewinnchancen. Weiss muss nun ...gxh3 beachten.} 26. a5 Nc4 27. Bxc4
dxc4) 26. Rab1 g4 27. hxg4 (27. Ne2 $17) 27... hxg4 $19 {Und ...g3! würde nun
gewinnen.Schwarz steht deutlich besser.} 28. g3 Ka7 29. Nd1 Nc8 $2 (29... Nc4
$17 30. Bxc4 dxc4) 1/2-1/2

[Event "SK Neuburg 1-SV Roehrnbach 1"]
[Site "?"]
[Date "2025.01.12"]
[Round "5.5"]
[White "Hittinger, Christian"]
[Black "Heppert, Lars"]
[Result "0-1"]
[WhiteElo "1960"]
[BlackElo "1918"]
[Annotator "Stockfish 17"]
[PlyCount "68"]
[EventDate "2025.??.??"]
[WhiteTeam "SV Röhrnbach 1"]
[BlackTeam "SK Neuburg 1"]

{[%evp 9,68,25,25,14,48,40,101,94,105,101,94,97,85,76,113,85,87,80,75,85,103,
46,45,7,20,25,50,-3,85,102,96,3,94,62,205,-34,-40,-166,-164,-148,-135,-131,
-102,-160,-173,-199,-135,-238,-89,-97,-90,-93,-87,-194,-223,-231,-91,-160,-93,
-620,-609]} 1. e4 c5 2. c3 d5 3. exd5 Qxd5 4. Nf3 g6 5. Na3 Bg7 6. Be2 a6 7.
O-O Nh6 (7... Nc6 $14) 8. d4 $16 cxd4 9. Nxd4 O-O 10. Nc4 {zielt auf Sb6 ab.}
Nd7 11. Be3 Rb8 12. Qd2 Nf5 13. Nxf5 Qxf5 14. h3 Ne5 15. Nxe5 Bxe5 16. Bb6 Be6
17. Bf3 Qf6 18. Qe3 Rfc8 (18... Bf4 $11 {bleibt in der Remisbreite.} 19. Qe4
Bd5 $11) 19. Rfe1 $14 Bf4 20. Qd4 (20. Qe4 $142 $1 $16) 20... Qg5 $6 (20...
Qxd4 $11 21. Bxd4 Rd8) 21. g3 (21. Rxe6 $1 fxe6 22. Re1 e5 23. Qd7 Rf8 24. a4
$16) 21... Rc4 $2 (21... Bd6 $14) 22. h4 $2 (22. Qd3 $18) 22... Qb5 $15 23. a4
$2 Qxb2 $19 24. Rab1 Qxc3 (24... Rxd4 25. Rxb2 Rd3 26. Be4 $11) (24... Qa3 $1
25. Qd1 Rxc3 $17) 25. Qxc3 Rxc3 26. Kg2 Bd6 27. Ba7 Ra8 (27... Rbc8 $19 28. Be3
R8c4) 28. Bb6 (28. Be3 $17) 28... Bh3+ (28... Ra3 $142 $1 29. a5 Bh3+ 30. Kxh3
Rxf3 $19) 29. Kxh3 $17 Rxf3 30. Be3 Rb8 31. Ba7 $2 (31. Rec1 $17) 31... Rc8 $19
32. Rxb7 a5 (32... Ra3 $19 33. Rd7 Rxa4) 33. Rb5 {[#]} (33. Ra1 $142) 33... Bb4
(33... Ra3 $142 $1 34. Bb6 f5 35. Bxa5 Rxa4) 34. Be3 $2 {[%mdl 8192]} Bxe1 0-1

[Event "SK Neuburg 1-SV Roehrnbach 1"]
[Site "?"]
[Date "2025.01.12"]
[Round "5.6"]
[White "Vaccaroni, Juan Manuel"]
[Black "Reineke, Malte"]
[Result "1-0"]
[WhiteElo "1940"]
[BlackElo "1969"]
[Annotator "Stockfish 17"]
[PlyCount "87"]
[EventDate "2025.??.??"]
[WhiteTeam "SK Neuburg 1"]
[BlackTeam "SV Röhrnbach 1"]

{[%evp 29,87,19,15,-81,-72,-86,-73,-107,-120,-115,-114,-117,-126,-157,-151,
-154,-123,-121,-126,-100,2,-123,-6,-1,-8,-41,-60,-144,142,0,24,22,26,-115,-12,
-1,4,-10,15,17,11,-20,54,39,436,421,466,423,423,404,1135,1027,837,777,772,760,
759,744,729,712]} 1. e4 d6 2. d4 g6 3. Nf3 Bg7 4. c4 Nf6 5. Nc3 O-O 6. Be2 e5
7. O-O Nc6 8. d5 Ne7 9. Ne1 Nd7 10. Be3 (10. Nd3 f5 11. Bd2 Nf6 12. f3 {
ist eine vielgespielte Variante}) 10... f5 11. f3 f4 12. Bf2 g5 {die
häufigste Antwort, daneben gab es auch 12. ... h5 oder 12.  .. Nff6} 13. b4 (
13. a4 Ng6 14. a5 Rf7 15. c5 {kam auch etliche Male vor}) 13... Nf6 14. c5 Ng6
15. Nd3 h5 16. Rc1 $6 (16. c6 $11) 16... Rf7 17. Rc2 g4 18. Kh1 {Schwarz steht
besser.} g3 19. hxg3 fxg3 20. Bxg3 {Schwarz muss nun De1 beachten.} h4 $1 {
[%cal Rh4g3]} 21. Bh2 $2 {der falsche Weg} (21. Be1 $142 Nh5 22. Kh2 Ngf4 23.
Nxf4 exf4 $17) 21... Nh5 $1 22. Qe1 Qg5 (22... Ngf4 $1) 23. f4 Nhxf4 24. Nxf4
exf4 {ist nur Ausgleich} (24... Nxf4 $1 $17 {[%csl Gf4][%cal Rg5g2]} 25. Bf3
Bd7 26. Qd2 Raf8 $17) 25. Bf3 $2 $17 (25. cxd6 $1 $11 {bleibt in der
Remisbreite.} cxd6 26. Nb5) 25... Bd4 (25... Bd7 $17) 26. Nb5 $132 {[%mdl 2048]
} dxc5 27. bxc5 Be3 28. Rc3 $2 (28. Bg1 $15) 28... a6 $2 {[%mdl 8192] [#]} (
28... h3 $17 {bleibt auf Kurs.} 29. Rxe3 fxe3) 29. Rxe3 {[%mdl 512]} (29. Nxc7
$142 $1 Rxc7 30. Rxe3 $1 Rxc5 31. Re2 $18) 29... axb5 (29... fxe3 30. Nxc7 Bg4
31. Nxa8 h3 32. Bg3 hxg2+ 33. Bxg2 Rh7+ $40) 30. Re2 {Und weiter mit e5 wäre
nett.} Ne5 31. Bg1 $2 (31. Qc3 $11) 31... Rh7 (31... h3 $17 {Droht stark ...
Tg7.} 32. Bh2 Bg4 33. Bxg4 Qxg4) 32. Bh2 Bd7 33. Qd2 Rf8 34. Ref2 Nc4 35. Qd4
Rff7 ({Lieber} 35... Ne3 $11) 36. Be2 $14 {[%cal Rh2f4]} Ne3 $2 {[%mdl 8192]} (
{Besser ist} 36... Rhg7 $14) 37. Bxf4 $18 {[%mdl 64] Doppelangriff. Weiß
gewinnt} h3 {[%cal Rh3g2]} 38. g3 (38. Bxg5 $2 {wird mattgesetzt.} hxg2+ 39.
Kg1 Rh1#) 38... Rxf4 39. Qxe3 {[%mdl 64] Fesselung} (39. gxf4 $2 {[#] zu
gefräßig.} Qg2+ $3 {[%mdl 512]} 40. Rxg2+ hxg2+ 41. Kg1 Rh1+ 42. Kf2 Rxf1+
43. Bxf1 gxf1=Q+ $19) ({Schwächer ist} 39. Rxf4 Nxf1 40. Rxf1 Rg7 $18) 39...
Rg4 (39... Rf5 $142 40. Qxg5+ Rxg5 41. Rf8+ $18) 40. Rf8+ {Weiß steht klar
auf Gewinn.} Kg7 41. Qc3+ Kh6 42. R8f6+ Kh5 {[#]} 43. R1f5 $1 {[%mdl 512]} Bxf5
44. Rxf5 1-0

[Event "SK Neuburg 1-SV Roehrnbach 1"]
[Site "?"]
[Date "2025.01.12"]
[Round "5.7"]
[White "Berisha, Regjep"]
[Black "Liesecke, Christian"]
[Result "1-0"]
[WhiteElo "1910"]
[BlackElo "1926"]
[Annotator "Stockfish 17"]
[PlyCount "105"]
[EventDate "2025.??.??"]
[WhiteTeam "SV Röhrnbach 1"]
[BlackTeam "SK Neuburg 1"]

{[%evp 13,105,-8,64,20,124,69,76,66,52,-20,-14,-14,-15,-19,-23,-22,-17,-16,56,
5,31,18,28,-75,-30,-37,-8,-12,-22,-48,14,-43,-37,-58,-11,-84,-84,-207,-60,-119,
-120,-119,-161,-132,-55,-61,44,-115,33,31,44,10,12,11,52,35,40,35,39,23,17,19,
21,21,27,22,42,22,298,287,276,259,600,596,594,569,597,564,555,555,737,712,681,
675,640,628,922,937,900,855,29985,29989,1554,1190]} 1. e4 c5 2. Nf3 a6 3. d4
cxd4 4. Nxd4 Nf6 5. Nc3 e5 6. Nb3 Bb4 7. Bg5 Qc7 (7... Bxc3+ $11 8. bxc3 Nc6)
8. Qf3 Qc6 $6 (8... Bxc3+ $11 9. bxc3 d6) 9. Bxf6 (9. Nd2 $142 Bxc3 10. bxc3 b5
11. a4 $16) 9... Bxc3+ 10. bxc3 Qxf6 11. Qg3 $6 (11. Qxf6 $14 gxf6 12. Nd2)
11... O-O 12. Bc4 d6 13. Bd5 Nc6 14. O-O Be6 15. c4 Qf4 $6 (15... Rac8 $11) 16.
Qd3 Rfd8 17. g3 Qh6 18. f4 $6 (18. a3 $11 {hält das Gleichgewicht.}) 18...
Rac8 19. c3 Rd7 20. f5 Bxd5 21. cxd5 (21. exd5 $11) 21... Ne7 22. f6 gxf6 23.
c4 Kg7 24. Rf3 $6 (24. Rac1 $11 {bleibt in der Remisbreite.}) 24... Rdc7 $17
25. Rc1 $2 (25. Raf1 $17) 25... Ng8 (25... b5 $1 $19 {[%cal Rb5c4]} 26. c5 Rxc5
27. Rxc5 dxc5) 26. a4 b5 $1 {[%cal Rb5c4]} 27. axb5 axb5 28. c5 dxc5 (28...
Rxc5 $142 $17 29. Rxc5 dxc5 30. Qxb5 c4) 29. Qxb5 $15 Qh3 (29... f5 $15 30. Qc4
Rb8) 30. Rc4 $2 (30. Nxc5 $14 {bleibt weiter vorne.} Ra7 31. Rf2) 30... Qd7 (
30... Nh6 $17 31. Rf2 Ng4) 31. Qxd7 $14 Rxd7 32. Rfc3 Rd6 33. g4 Kg6 34. Kf2
Kg5 35. Kg3 h5 36. Nxc5 Rb8 37. h4+ Kg6 38. Nd3 hxg4 39. Rc6 Rbd8 40. Kxg4 {
Und weiter mit Txd6 wäre nett.} R8d7 $2 {[%mdl 8192] [#]} (40... Ne7 $11) 41.
Rxd6 $1 $18 Rxd6 {[#]} 42. Rc6 $1 {[%cal Rc6d6]} Rxc6 (42... Rd8 43. d6 Nh6+
44. Kf3 f5 45. d7+ (45. Nxe5+ Kh5 $18) 45... f6 46. Nxe5+ Kg7) 43. dxc6 {
[%cal Bd5c6,Bc6c7][%mdl 4128] Endspiel KS-KS} Ne7 44. h5+ Kh6 45. c7 Kg7 46.
Nc5 f5+ 47. exf5 f6 48. Ne4 Nc8 49. Kh4 Kh6 50. Nxf6 Nd6 51. Kg4 {Weiss droht
Se8! und Matt.} Nc8 52. Ne4 Kg7 53. Kg5 1-0

[Event "SK Neuburg 1-SV Roehrnbach 1"]
[Site "?"]
[Date "2025.01.12"]
[Round "5.8"]
[White "Tuerkboylari, Bahadir"]
[Black "Wolf, Andreas"]
[Result "0-1"]
[WhiteElo "1865"]
[BlackElo "1969"]
[Annotator "Stockfish 17"]
[PlyCount "112"]
[EventDate "2025.??.??"]
[WhiteTeam "SK Neuburg 1"]
[BlackTeam "SV Röhrnbach 1"]

{[%evp 13,112,66,89,89,87,64,98,63,81,-37,60,-35,-31,-53,-56,-81,-71,-85,-1,-5,
1,-4,38,13,43,-244,-95,-102,-102,-218,-230,-233,-236,-231,-223,-280,-215,-222,
-223,-242,-203,-241,-162,-158,-144,-138,-140,-337,-314,-330,-322,-322,-311,
-312,-272,-303,-248,-273,-182,-261,-236,-269,-263,-263,-256,-314,-164,-353,
-269,-345,-259,-404,-402,-406,-372,-404,-393,-372,-375,-397,-327,-291,-162,
-416,-408,-401,-404,-404,-347,-408,-386,-572,-568,-692,-685,-784,-744,-776,
-770,-743,-718]} 1. e4 c6 2. d4 d5 3. Nc3 dxe4 4. Nxe4 Nf6 5. Nxf6+ gxf6 6. c3
Bf5 7. Ne2 (7. Nf3 e6 8. g3 Bd6 $6 (8... Qd5 $142 9. Bg2 Qe4+ 10. Be3) 9. Bg2
Be4 $6 (9... Nd7 $142 10. O-O Bg6 $16) 10. O-O f5 11. Re1 Qf6 $2 12. Qb3 (12.
Rxe4 $1 fxe4 13. Ng5 Be7 14. Qb3 $18) 12... b6 {Rabiega,R-Pezerovic,E BL 1994
dieser Partie darf man nicht blinfdlings folgen} (12... b6 13. Rxe4 $1 fxe4 14.
Ng5)) 7... e6 (7... Nd7 8. Ng3 Bg6 9. h4 h5 10. Be2 Qa5 11. b4 Qc7 {Gipslis,
A-Seirawan,Y Saint John op 1988}) 8. Ng3 Bg6 9. Be2 Bd6 $6 10. Be3 (10. h4 $1
$16) 10... Nd7 11. Qd2 ({Lieber} 11. h4 $16) 11... Qa5 (11... h5 $15) 12. a4 (
12. Bh6 $14) 12... h5 $1 $15 13. Bd3 Bxd3 14. Qxd3 f5 15. Ne2 Qc7 (15... Qd5
$17 {Droht ...Se5!} 16. Bf4 Qxg2) 16. O-O-O O-O-O $132 17. g3 Nb6 18. Bg5 Rdg8
19. Qe3 $2 {[%mdl 8192]} (19. h4 $14 {bleibt weiter vorne.}) 19... Nd5 (19...
Nc4 $1 $19 {ist viel giftiger.} 20. Qd3 Nxb2 $1 21. Kxb2 Rxg5) 20. Qd2 $17 {[#]
} Qa5 $1 21. c4 $2 {[#]} (21. h4 $17) 21... Bb4 $1 $19 22. Qc2 Rxg5 23. cxd5
Qxd5 24. b3 Kb8 25. Nf4 Qd6 26. Kb1 Qc7 {es folgen ein paar schwächere Züge}
27. Qb2 Bd6 28. d5 Be5 29. d6 Qa5 30. Qd2 $2 (30. b4 $17 {war einen Versuch
wert.} Bxb2 31. bxa5) 30... Qxd2 31. Rxd2 Bxf4 32. gxf4 {[%mdl 4096] Endspiel
KTT-KTT Schwarz gewinnt} Rg4 33. h3 Rg2 34. Re1 Rd8 35. Kc2 Rd7 36. Re3 (36. b4
{ist wohl besser.}) 36... b6 37. Kc3 Kb7 38. b4 h4 39. Re1 c5 (39... Rh2 $142
40. Re3 Rh1) 40. b5 $2 (40. bxc5 bxc5 41. Kc4) 40... a6 (40... Rh2 $1 41. Kc4
Rxh3 $19) 41. Kc2 a5 42. Re3 (42. Rh1 $142) 42... Kc8 43. Red3 Kd8 44. Kb3 Rg1
45. Kb2 Re1 46. Re3 Rxe3 47. fxe3 {KT-KT} f6 (47... Ke8 $142 48. Kc3 f6) 48.
Kc2 $2 (48. Rg2 Rxd6 49. Rg8+ Kd7 50. Rg7+ Kc8 51. Kc3) 48... Ke8 49. Rg2 Kf7
50. Rd2 e5 51. e4 fxe4 52. fxe5 (52. f5 $142) 52... f5 {Schwarz steht klar auf
Gewinn.} 53. Rf2 Ke6 54. Rf4 Kxe5 55. Rxh4 Rxd6 56. Rh8 e3 0-1

[Event "TV Tegernsee 1-SC Groebenzell 2"]
[Site "?"]
[Date "2025.01.12"]
[Round "5.1"]
[White "Schmidt, Anton"]
[Black "Manakov, Ilya"]
[Result "1/2-1/2"]
[WhiteElo "2060"]
[BlackElo "2297"]
[Annotator "Stockfish 17"]
[PlyCount "97"]
[EventDate "2025.??.??"]
[WhiteTeam "SC Gröbenzell 2"]
[BlackTeam "TV Tegernsee 1"]

{[%evp 19,97,-25,18,-36,-45,-35,-35,-54,-54,-59,-55,-67,-18,-32,-33,-42,-25,
-43,-33,-40,-39,-39,-43,-84,-67,-78,-78,-77,-44,-76,-59,-69,-15,-73,-52,-44,
-20,-21,-24,-24,-23,-32,-33,-27,-25,-30,-23,-45,-21,-42,-21,-23,-20,-37,-18,
-42,-21,-89,-22,-72,-17,-19,-15,-26,-25,-35,0,-91,-27,-34,-23,-63,-35,-43,-29,
-30,-27,-89,-35,-35]} 1. c4 Nf6 2. g3 e6 3. Bg2 d5 4. Nf3 Be7 5. O-O O-O 6. b3
d4 7. e3 c5 8. exd4 cxd4 9. Bb2 Nc6 10. Re1 Qb6 11. Ne5 Nxe5 12. Rxe5 Bd7 13.
d3 Bc6 $15 14. Nd2 Nd7 15. Re1 (15. Re2 a5 16. Nf3 Bf6 17. Ba3 Rfe8 18. Qd2 {
Gutman,L-Brueckner,T BL2-SW 1989}) 15... Rfd8 (15... Bxg2 16. Kxg2 Bb4 $15) 16.
Bxc6 $6 bxc6 17. Nf3 Bf6 18. Ba3 a5 19. Nd2 c5 20. Rb1 Be7 21. Nf3 {[%cal
Bd2f3,Bf3g5,Bg5e4,Be4f2][%mdl 32]} Bd6 22. Ng5 {[#] Dh5 ist eine echte Drohung.
} h6 23. Ne4 Bf8 24. f4 Re8 25. Qf3 Rac8 26. Nf2 g6 27. Ng4 Qc6 28. Qxc6 Rxc6
29. Ne5 Rc7 30. Nxd7 Rxd7 31. Kf2 Bd6 32. Kf3 f5 33. h3 Kf7 $11 34. g4 Rde7 35.
Re2 Rg8 36. Rbe1 Ra8 37. Rb1 Rb8 38. Ree1 $6 (38. Rbe1 $11) 38... Kf6 (38...
Reb7 $17) 39. gxf5 $6 exf5 {Mit der Idee ...Tbe8.} ({Falsch wäre} 39... Kxf5
$2 {[#]} 40. Bxc5 $1 {[%mdl 512]} Bxc5 41. Re5+ Kf6 42. Rxc5 $18) (39... gxf5
$1 40. Rg1 Reb7 41. Rbe1 a4 $17) 40. Rxe7 Bxe7 $11 {[%mdl 4096] Endspiel
KTL-KTL} 41. Bc1 g5 42. Bd2 a4 43. Ba5 $6 (43. fxg5+ $11 {hält das
Gleichgewicht.} hxg5 44. Rg1) 43... Bd6 (43... Kg6 $17) 44. Bd2 Rb7 45. Rb2 Rb8
46. Rb1 axb3 47. axb3 Rb7 48. Rb2 (48. Rg1 $11 {bleibt in der Remisbreite.})
48... Rb8 49. Rb1 1/2-1/2